Die zehn größten Städte Kanadas nach Einwohnern - Statistiken

Allgemein
  • Dieses Quiz wurde 372 mal gespielt
  • Das Durchschnittsergebnis liegt bei 6 aus 10
Antwortstatistiken
Einwohner Stadt % Korrekt
5,58 Mio. Toronto
98%
2,31 Mio. Vancouver
95%
3,82 Mio. Montreal
90%
1,24 Mio. Ottawa-Gatineau
89%
1,16 Mio. Edmonton
71%
0,77 Mio. Quebec
69%
1,21 Mio. Calgary
68%
0,73 Mio. Winnipeg
49%
0,72 Mio. Hamilton
18%
0,48 Mio. Cambridge/Waterloo
0%
Keine übereinstimmenden Quizze gefunden
Verteilung der Resultate
Anzahl Personen mit jedem Resultat
Perzentil nach korrekt beantworteten Fragen
Ihre Resultats-Entwicklung
Sie haben dieses Quiz noch nicht gespielt